000 00462nam a2200181Ia 4500
001 18554
005 20260306171639.0
008 260306s9999||||xx |||||||||||||| ||und||
041 _aESP
082 _a658.408
_bP61
100 _aPirson, Michael
_eAUT
245 0 _aHumanistic management:
_bprotecting dignity and promoting well-being
260 _c2017
300 _a293 páginas :
_c23 cm.
650 _aGEN
654 _aCAN
942 _cLIB
_dJUS
_fJUS
_2ddc
_n
999 _c18554
_d18554